V zahraničných firmách v SR sa uplatňujú najmä mladí ľudia

Prínosy zahraničných investorov pre ekonomiky postkomunistických krajín. Investori hodnotia podmienky pre úspešné pôsobenie v krajinách SVE. Rozsiahly dotazníkový výskum v najväčších firmách so zahraničnou účasťou na Slovensku. Otázka o výške investícií do ľudských zdrojov, využitie štátnych dotácií...

Full description

Saved in:
Bibliographic Details
Main Author: Ferenčíková, Soňa, 1960-
Format: Book Chapter
Language:Slovak
Subjects:
Tags: Add Tag
No Tags, Be the first to tag this record!

MARC

LEADER 00000naa a2200000 4500
001 r036451
005 20230921104237.2
041 0 |a slo 
044 |a SK 
245 1 0 |a V zahraničných firmách v SR sa uplatňujú najmä mladí ľudia  |c Soňa Ferenčíková 
520 |a Prínosy zahraničných investorov pre ekonomiky postkomunistických krajín. Investori hodnotia podmienky pre úspešné pôsobenie v krajinách SVE. Rozsiahly dotazníkový výskum v najväčších firmách so zahraničnou účasťou na Slovensku. Otázka o výške investícií do ľudských zdrojov, využitie štátnych dotácií a príspevkov na oblasť ľudských zdrojov. Priemerný vek zamestnancov. Priemerná mesačná mzda. Manažment a manažéri firiem. 
610 2 0 |a manažment 
610 2 0 |a manažéri 
610 2 0 |a investície zahraničné 
610 2 0 |a investície zo zahraničia 
610 2 0 |a zdroje ľudské 
610 2 0 |a vek 
610 2 0 |a zamestnanci 
610 2 0 |a mzdy mesačné 
610 2 0 |a Slovensko 
610 2 0 |a SVE 
610 2 0 |a podnik zahraničný 
100 1 |a Ferenčíková, Soňa, 1960-